[Event "KAZ-ch U16"]
[Site "Ak Bulak"]
[Date "2022.03.22"]
[Round "4"]
[White "Kenbeilov, Timur"]
[Black "Zharylgasov, Ayat"]
[Result "1-0"]
[WhiteElo "2002"]
[BlackElo "1696"]
[PlyCount "73"]
[EventDate "2022.03.20"]
[EventType "swiss"]
[EventRounds "9"]
[EventCountry "KAZ"]
[SourceTitle "EXT 2023"]
[Source "ChessBase"]
[SourceDate "2022.10.05"]
[SourceVersion "1"]
[SourceVersionDate "2022.10.05"]
[SourceQuality "1"]

1. d4 Nf6 2. c4 g6 3. Nc3 Bg7 4. g3 0-0 5. Bg2 d6 6. e3 e5 7. Nge2 c6 8. 0-0 Re8 9. b4 e4 10. d5 cxd5 11. cxd5 Na6 12. Ba3 Bg4 13. Qb3 h5 14. Nd4 h4 15. Rac1 h3 16. Bh1 Qe7 17. Rc2 Rac8 18. Rfc1 Nb8 19. b5 Nbd7 20. Nxe4 Rxc2 21. Nxf6+ Bxf6 22. Nxc2 Rc8 23. Ne1 Rxc1 24. Bxc1 Nc5 25. Qa3 Bd7 26. Nd3 Bxb5 27. Nxc5 dxc5 28. Qxa7 Kg7 29. Qb6 Ba6 30. d6 Qe5 31. Qb3 Qxd6 32. Bd5 b5 33. e4 c4 34. Qe3 Qe5 35. Qh6+ Kg8 36. Qxg6+ Kf8 37. Qxf7# 1-0

[Event "KAZ-ch U16"]
[Site "Ak Bulak"]
[Date "2022.03.22"]
[Round "3"]
[White "Zharylgasov, Ayat"]
[Black "Malygin, Vladislav"]
[Result "1/2-1/2"]
[WhiteElo "1696"]
[BlackElo "1949"]
[PlyCount "73"]
[EventDate "2022.03.20"]
[EventType "swiss"]
[EventRounds "9"]
[EventCountry "KAZ"]
[SourceTitle "EXT 2023"]
[Source "ChessBase"]
[SourceDate "2022.10.05"]
[SourceVersion "1"]
[SourceVersionDate "2022.10.05"]
[SourceQuality "1"]

1. d4 d5 2. c4 e6 3. Nc3 Nf6 4. cxd5 exd5 5. Bg5 c6 6. e3 Be7 7. Bd3 0-0 8. Nge2 Nbd7 9. Qc2 h6 10. Bh4 Re8 11. 0-0 Ne4 12. Bxe7 Qxe7 13. Bxe4 dxe4 14. Ng3 Nf6 15. Rfd1 h5 16. d5 h4 17. d6 Qe5 18. Ngxe4 Nxe4 19. Qxe4 Qxe4 20. Nxe4 Rxe4 21. d7 Bxd7 22. Rxd7 Rb4 23. b3 a5 24. Rad1 a4 25. Rd8+ Rxd8 26. Rxd8+ Kh7 27. Rd4 Rxd4 28. exd4 axb3 29. axb3 Kg6 30. f3 Kf5 31. Kf2 g5 32. Ke3 Ke6 33. b4 Kd5 34. Kd3 f5 35. h3 b5 36. Kc3 g4 37. Kd3 1/2-1/2